00929nam a22002177a 4500001001400000003000900014005001700023008004100040040001300081082002100094100005000115245011300165260008100278300003100359500012100390504004100511650003800552650002700590700005100617710004300668BD-DhSAU 9278BD-DhSAU20260512115032.0260512b2018 bg a|||| m||| 00| 0 eng d aBD-DhSAU 222a631.4bsh614 aADNAN, SHIFAIN ISLAMeRegistration # 22010005 aEffect of organic and inorganic fertilizer on the growth and yield of mungbean (bari mung 8) / bMS thesis  aSher-e-Bangla Agricultural University;bDepartment of Soil Science, ;c2024. axi, 77p. :bill. ;c30 cm. aMS thesis of Department of Soil Science, ;, Faculty of Agriculture. Sher-e-Balgla Agricultural University Dhaka-1207 aIncludes bibliographical reference.  aorganic and inorganic fertilizer  amungbean (bari mung 8) aProf. Dr. Md. Saiful Islam BhuiyaneSuperviser eCo-SuperviseraProf. Mst. Afrose Jahan